| 000 | 01833nam0a22003611 4500 | ||
|---|---|---|---|
| 001 | v19\rc\1936987 | ||
| 005 | 20260407065917.0 | ||
| 035 | _a(NLR Aleph) 005021055 | ||
| 090 |
_a6589502 _c6589502 |
||
| 100 | _a20260201 rusy50 | ||
| 101 | 0 | _arus | |
| 102 | _aRU | ||
| 105 | _ay z ||||| | ||
| 200 | 1 |
_aИз армяно-абиссинских сношений _eФакты _aЭфиопские фрагменты Эчмиадзинской библиотеки _aМолитвы и анафора, приписываемые св. Григорию Просветителю в эфиопских рукописях _fСообщил Б.А. Тураев |
|
| 210 |
_aСанкт-Петербург _cтип. Имп. Акад. наук _d1912 |
||
| 215 |
_a[1], 13 с. _d27 |
||
| 225 | 1 |
_aПамятники эфиопской письменности _v10 |
|
| 311 | _aОтт. из "Зап. Вост. отд-ния Рус. археол. о-ва". Т. 21 | ||
| 488 | 0 |
_12001#$aЗаписки Восточного отделения Русского археологического общества$vТ. 21 _tЗаписки Восточного отделения Русского археологического общества |
|
| 606 | 1 |
_aАмхарский язык _xПамятники письменности _9960666 _3RU\NLR\AUTH\6639808 |
|
| 686 | 3 | _aШ161.152.1-01пам | |
| 700 | 1 |
_8rus _7ca _aТураев _bБ. А. _f1868-1920 _gБорис Александрович _3RU\NLR\auth\7716809 _9126443 |
|
| 801 | 0 |
_aRU _bNLR _gpsbo |
|
| 801 | 0 |
_aRU _bRuMoRGB _2psbo |
|
| 801 | 1 |
_aRU _bProSoft-M _2rusmarc |
|
| 852 |
_aNLR _j38.6.2.43(10) |
||
| 899 |
_aRuMoRGB _jA 301/55 (10) |
||
| 899 |
_aRuMoRGB _jM 225/113 |
||
| 899 |
_aRuMoRGB _jU 175/1110 |
||
| 899 | _aБАН | ||
| 942 | _cBOOK | ||
| 980 | _aNB | ||